Yüklüyor......
Party Comrade (m)
| Yazar: | |
|---|---|
| Materyal Türü: | Printed Book |
| Baskı/Yayın Bilgisi: |
TVPM
Chintha Publishers
1981
|
| Konular: |
| LEADER | 00443nam a2200157 4500 | ||
|---|---|---|---|
| 082 | |a 8H3 YAS-P | ||
| 100 | |a Yashpal; Divakaran Potty, Tr. | ||
| 245 | |a Party Comrade (m) | ||
| 250 | |||
| 260 | |a TVPM |b Chintha Publishers |c 1981 | ||
| 300 | |||
| 490 | |||
| 650 | |a Hindi fiction-- Hindi literature | ||
| 942 | |c BK | ||
| 999 | |c 225555 |d 225555 | ||
| 952 | |0 0 |1 0 |4 0 |6 8H3_YASP |7 0 |9 239688 |a SDE |b SDE |d 2019-12-12 |l 0 |o 8H3 YAS-P |p SDE4877 |r 2019-12-12 |w 2019-12-12 |y BK | ||